Professional indemnity insurance claims (Record no. 72848)

MARC details
000 -LEADER
fixed length control field 01750cam a2200241 4500
001 - CONTROL NUMBER
control field ABS66797
008 - FIXED-LENGTH DATA ELEMENTS--GENERAL INFORMATION
fixed length control field 030612n2003 000 0 eng u
035 ## - SYSTEM CONTROL NUMBER
System control number (Sirsi) u122588
100 ## - MAIN ENTRY--PERSONAL NAME
Personal name Brewer, G.
245 ## - TITLE STATEMENT
Title Professional indemnity insurance claims
260 ## - PUBLICATION, DISTRIBUTION, ETC.
Date of publication, distribution, etc. 2003
490 ## - SERIES STATEMENT
Series statement Contract Journal
Volume/sequential designation 418(6428) 29 May 2003, 32
490 ## - SERIES STATEMENT
Series statement Construction News
Volume/sequential designation (6820) 12 June 2003, 23(2)
520 ## - SUMMARY, ETC.
Summary, etc. Recent case "Galliford UK Ltd v Markel Capital Ltd" (QBD, [2003] 3 All ER (D) 303) examined how adjudication might be used to establish a loss for the purposes of making a claim against a professional indemnity insurer. Galliford (G) claimed against Michael Heal Associates (H) a professional indemnity insurer, represented by Markel Capital Ltd, when H became insolvent during a claim against its contract conditions. When G was awarded £750 000 by the adjudicator, both H and the insurer refused to pay and G began proceedings to recover under the Third Parties (Rights Against Insurers) Act 1930. The judge ruled that the liability of the insurer under the insurance policy was not established until the adjudication award had been enforced by a judgment of the court. The proceedings were deemed to have been issued prematurely and were dismissed.
590 ## - LOCAL NOTE (RLIN)
Local note ABS
650 ## - SUBJECT ADDED ENTRY--TOPICAL TERM
Topical term or geographic name entry element MANAGEMENT-DISPUTE AVOIDANCE, MANAGEMENT AND RESOLUTION-DISPUTE MANAGEMENT AND RESOLUTION-ALTERNATIVE DISPUTE RESOLUTION-ADJUDICATION
650 ## - SUBJECT ADDED ENTRY--TOPICAL TERM
Topical term or geographic name entry element GALLIFORD UK LTD V MARKEL CAPITAL LTD
650 ## - SUBJECT ADDED ENTRY--TOPICAL TERM
Topical term or geographic name entry element THIRD PARTIES (RIGHTS AGAINST INSURERS) ACT 1930
650 ## - SUBJECT ADDED ENTRY--TOPICAL TERM
Topical term or geographic name entry element Insolvency
9 (RLIN) 6247
650 ## - SUBJECT ADDED ENTRY--TOPICAL TERM
Topical term or geographic name entry element PROFESSIONAL INDEMNITY INSURANCE
690 ## - LOCAL SUBJECT ADDED ENTRY--TOPICAL TERM (OCLC, RLIN)
Topical term or geographic name as entry element MANGEMENT-DISPUTE AVOIDANCE, MANAGEMENT AND RESOLUTION-DISPUTE MANAGEMENT AND RESOLUTION
942 ## - ADDED ENTRY ELEMENTS (KOHA)
Suppress in OPAC 0
Holdings
Withdrawn status Lost status Source of classification or shelving scheme Damaged status Not for loan Home library Current library Shelving location Date acquired Total Checkouts Full call number Barcode Date last seen Copy number Price effective from Koha item type
    Dewey Decimal Classification     London London Journal article 12/06/2003   ABS66797 122588-1001 06/08/2019 1 06/08/2019 Journal article